Ipargazdaság <a> szervezési és vezetési tudományos társaság lapja
Enregistré dans:
| Format: | Publication en série |
|---|---|
| Langue: | hongrois |
| Publié: |
Budapest
DELTA
1991
|
| Sujets: | |
| Tags: |
Pas de tags, Soyez le premier à ajouter un tag!
|
MARC
| LEADER | 00000nas2a2200000 4500 | ||
|---|---|---|---|
| 001 | s015215 | ||
| 005 | 20240109094209.6 | ||
| 022 | |a 0021-0749 | ||
| 041 | 0 | |a hun | |
| 044 | |a HU | ||
| 245 | 1 | 0 | |a Ipargazdaság |b <a> szervezési és vezetési tudományos társaság lapja |
| 264 | 1 | |a Budapest |b DELTA |c 1991 | |
| 300 | |a 1 zv. | ||
| 773 | 0 | |w eu_un_cat*s120532 | |
| 610 | 2 | 0 | |a priemysel |
| 610 | 2 | 0 | |a riadenie priemyslu |
| 610 | 2 | 0 | |a ekonomika výroby |